Responses for show #1955 - Friday, February 19, 1993

1993 Teen Tournament quarterfinal game 5.

Contestants

[<< previous game]

Fraser Woodford, a senior from Lexington, Kentucky

Suj Vijayan, a senior from Laurel, Maryland

Nancy Dickmann, a senior from St. Louis, Missouri

[next game >>]

Jeopardy! Round responses

COUNTRIES OF THE WORLD
TV TEENS
ENGLISH GRAMMAR
MUSICAL INSTRUMENTS
SIGNS & SYMBOLS
EEW, GROSS!
    $100 6
Mexico

Nancy
    $100 7
Michael J. Fox

Nancy
    $100 12
an exclamation point

Fraser
    $100 29
the piano

Nancy
    $100 22
McDonald's

Fraser
    $100 1
leeches

Suj
    $200 5
Brazil

Suj
    $200 8
Roseanne

Suj
    $200 13
proper nouns

Nancy
    $200 28
bagpipes

Nancy
    $200 30
the capital (city)

Suj
    $200 18
breath

Nancy
    $300 4
Greece

Fraser
    $300 9
Ricky Nelson

Nancy
    $300 14
an adverb

Nancy
    $300 27
the flute

Suj
    $900 24
(Alex: Fax would have also been acceptable.)

computers and typewriters

Suj
    $300 19
snails

Nancy
    $400 3
Saudi Arabia

Fraser
    $400 10
Kristy McNichol

Fraser
    $400 15
to

Fraser
    $400 25
the cello

Suj
    $400 23
Malcolm X

Suj
    $400 20
[Note: Alex reads "F." as "Francesco".]

maggots

Suj
    $500 2
New Zealand

Fraser
    $500 11
Twin Peaks

Fraser
    $500 16
an interrogative sentence

Suj
    $500 26
a snare drum

Fraser
    $500 17
roses

Nancy
    $500 21
brains

Nancy

Scores at the first commercial break (after clue 16):

Nancy Suj Fraser
$1,000 $1,000 $2,600

Scores at the end of the Jeopardy! Round:

Nancy Suj Fraser
$2,800 $3,600 $3,200

Double Jeopardy! Round responses

EUROPEAN HISTORY
SCIENCE
BIOGRAPHIES
HOMOPHONES
ELECTION '92
HODGEPODGE
    $200 2
Poland

Fraser
    $200 24
light

Fraser
    $200 11
Schulz

Nancy
    $200 21
rain/reign

Nancy
    $200 1
Bill Clinton

Fraser
    $200 16
Reese's Pieces

Nancy
    $400 3
Queen Victoria

Nancy
    $400 25
flint

Suj
    $400 12
(Charles) Darwin

Suj
    $400 22
knew/new

Fraser
    $400 4
John Glenn

Fraser
    $400 17
the string

Nancy
    $2,000 5
Yugoslavia

Fraser
    $600 26
ribs

Nancy
    $600 13
Gershwin

Nancy
    $600 23
(Fraser: What is...sounded?)

told/tolled

Fraser
Triple Stumper
    $600 7
Ross Perot

Fraser
    $600 18
(Fraser: Who is Prince Henry?)

Prince WIlliam

NancyFraser
    $800 6
Augustus

Nancy
    $800 29
a red tide

Suj
    $800 14
(Jonas) Salk

Nancy
    $800 27
a gourd (gored)

Nancy
    $3,000 9
Illinois

Fraser
    $800 19
August WIlson

Triple Stumper
    $1000 8
Prince Henry (the Navigator)

Fraser
    $1000 30
the patella

Suj
    $1000 15
(Alex: The silence is deafening. [Suj rings in just before the buzzer sounds.] Suj?)
(Suj: Who is...[To himself] before JFK, who would be...?)
(Alex: Too much time.)
(Fraser: Who is Franklin Roosevelt?)

Harry Truman

SujFraser
Triple Stumper
    $1000 28
peek/peak

Nancy
    $1000 10
Colorado

Suj
    $1000 20
(Fraser: Where is Salt Lake?)

Provo (Utah)

NancyFraser

Scores at the end of the Double Jeopardy! Round:

Nancy Suj Fraser
$10,400 $6,200 $8,000

Final Jeopardy! Round responses

NEW ENGLAND
(Alex: Now let's meet the other semifinalists. Bring them all out. First of all, those who won their games in the quarterfinal matches. We have from Virginia, Carrie Pruett; from Maryland, Anne Black; from South Carolina, Jesse Roach; and from California, Lev Osh... Oshorovich. I'll get it right, Lev, sorry about that.)
...
(Alex: And we had a strange thing happen this week. Two of the quarterfinals gave us all three contestants as semifinalists. Let's meet the two who played earlier this week. Patricia Larash from Pennsylvania with $10,420, and Mit Robertson from Mississippi with $10,000. They competed in the same game. And today I've got good news for you, Nancy Dickmann: with $10,400, you too are a semifinalist. And Fraser Woodford, come on over. You as well will appear in our semifinals. You picked up $10,500. There they are, ladies and gentlemen.)
SujWho was Ethan Allen
$6,199
FraserWho is Ethan Allen?
$2,500
NancyWho is Ethan Allen?
$0
Ethan Allen

Final scores:

Nancy Suj Fraser
$10,400 $12,399 $10,500
3rd place: $1,000 if eliminated Automatic semifinalist 2nd place: $1,000 if eliminated

Game dynamics:

Coryat scores:

Nancy Suj Fraser
$10,400 $5,600 $4,400
24 R,
0 W
15 R
(including 1 DD),
1 W
18 R
(including 2 DDs),
4 W

Combined Coryat: $20,400

The J! Archive is created by fans, for fans. The Jeopardy! game show and all elements thereof, including but not limited to copyright and trademark thereto, are the property of Jeopardy Productions, Inc. and are protected under law. This website is not affiliated with, sponsored by, or operated by Jeopardy Productions, Inc. Join the discussion at JBoard.tv.